Normal view
MARC view
- Er. Alfiya P. V (Co-guide)
Entry Personal Name
001 - CONTROL NUMBER
- control field: 2547
003 - CONTROL NUMBER IDENTIFIER
- control field: OSt
005 - DATE AND TIME OF LATEST TRANSACTION
- control field: 20180118123053.0
008 - FIXED-LENGTH DATA ELEMENTS
- fixed length control field: 180118|| aca||aabn | a|a d
040 ## - CATALOGING SOURCE
- Original cataloging agency: OSt
- Transcribing agency: OSt
100 ## - HEADING--PERSONAL NAME
- Personal name: Er. Alfiya P. V (Co-guide)
670 ## - SOURCE DATA FOUND
- Source citation: Work cat.: (OSt): ATHIRA SASIDHARAN ROOSHI M. K 2546, Development of microencapsulated whey melon juice
